| 000 | 01007nam a2200181Ia 4500 | ||
|---|---|---|---|
| 999 |
_c47251 _d47251 |
||
| 001 | 14111 | ||
| 003 | GE_BSU | ||
| 005 | 20241108163455.0 | ||
| 008 | 181216s2013||||ru |||||||||||||| ||rus|| | ||
| 020 | _a9789664700440 | ||
| 040 | _cGE_BSU | ||
| 080 | _a372.82(161.2) Д-85 | ||
| 245 |
_aДуховно-нравственное воспитание подрастающего поколения через внедрение инновационно-педагогических проектов в дошкольных и общеобразовательных учебных заведении : Сборник научных статей : _bМатериалы научно-практической конференции / _cПод. ред. Хайрутдинова |
||
| 264 |
_aСимферополь : _bТэзис, _c2013. |
||
| 300 |
_a160 стр. ; _c24 см. |
||
| 653 | _aДуховно-нравственное воспитание подрастающего поколения | ||
| 942 |
_cBK _2udc |
||